000 00254 a2200085 4500
020 _a9781781576113
100 _a Andy Stewart MacKay
245 _aThe Story of Pop Art: culture, celebrity & controversy in 100 creative milestones
260 _b Ilex Press
_c2020
999 _c13244
_d13244